| 000 | 00661nam a2200277Ia 4500 | ||
|---|---|---|---|
| 005 | 20260324140413.0 | ||
| 008 | 008 260324s9999 xx 000 0 eng d | ||
| 020 | _a9781351288880 | ||
| 037 | _aEBOOK | ||
| 040 | _aCRL | ||
| 040 | _beng | ||
| 040 | _cCRL | ||
| 041 | _2eng | ||
| 041 | _aeng | ||
| 084 | _qCRL | ||
| 100 |
_aRoscoe Pound; Marshall. L DeRosa _91204257 |
||
| 245 | 3 | _aAn Introduction to the Philosophy of Law | |
| 260 | _bTaylor and Francis | ||
| 260 | _c1999 | ||
| 365 | _a | ||
| 365 | _b200 | ||
| 856 | _uhttp://www.taylorfrancis.com/books/9781351288880 | ||
| 942 | _cEBOOK | ||
| 999 |
_c1806311 _d1806311 |
||